Advanced inorganic chemistry / (Record no. 2980)
[ view plain ]
| 000 -LEADER | |
|---|---|
| fixed length control field | 00812cam a22002532 4500 |
| 001 - CONTROL NUMBER | |
| control field | 0000005802 |
| 005 - DATE AND TIME OF LATEST TRANSACTION | |
| control field | 20151217145826.0 |
| 008 - FIXED-LENGTH DATA ELEMENTS--GENERAL INFORMATION | |
| fixed length control field | 070717s xx 000 0 eng d |
| 020 ## - INTERNATIONAL STANDARD BOOK NUMBER | |
| International Standard Book Number | 9812530444 : |
| 020 ## - INTERNATIONAL STANDARD BOOK NUMBER | |
| International Standard Book Number | 0471199575 (hb) |
| 040 ## - CATALOGING SOURCE | |
| Original cataloging agency | KABU |
| Transcribing agency | KABU |
| 050 #0 - LIBRARY OF CONGRESS CALL NUMBER | |
| Classification number | QD151.2 |
| Item number | .A38 1999 |
| 245 10 - TITLE STATEMENT | |
| Title | Advanced inorganic chemistry / |
| Statement of responsibility, etc. | F. Albert Cotton ... [et al.]. |
| 250 ## - EDITION STATEMENT | |
| Edition statement | 6th ed. |
| 260 ## - PUBLICATION, DISTRIBUTION, ETC. (IMPRINT) | |
| Place of publication, distribution, etc. | New York : |
| Name of publisher, distributor, etc. | J. Wiley, |
| Date of publication, distribution, etc. | 1999. |
| 300 ## - PHYSICAL DESCRIPTION | |
| Extent | xv, 1355 p. |
| 650 #0 - SUBJECT ADDED ENTRY--TOPICAL TERM | |
| Topical term or geographic name as entry element | Chemistry, Inorganic. |
| -- | 0000154148 |
| 700 1# - ADDED ENTRY--PERSONAL NAME | |
| Personal name | Cotton, F. Albert. |
| -- | 0000157026 |
| 852 1# - LOCATION | |
| -- | p11900 KES (hb) |
| 852 1# - LOCATION | |
| -- | p9831 KES (hb) |
| 908 ## - PUT COMMAND PARAMETER (RLIN) | |
| Put command parameter | 070717 |
| 950 ## - LOCAL HOLDINGS (RLIN) | |
| -- | 1 |
| Withdrawn status | Lost status | Source of classification or shelving scheme | Not for loan | Home library | Current library | Date acquired | Total Checkouts | Full call number | Barcode | Date last seen | Price effective from | Koha item type | Date last checked out | Shelving location | Cost, normal purchase price | Copy number |
|---|---|---|---|---|---|---|---|---|---|---|---|---|---|---|---|---|
| Library of Congress Classification | Kabarak, Main Campus | Kabarak, Main Campus | 17/12/2015 | QD151.2 .A38 1999 c. 2 | 16199 | 17/12/2015 | 17/12/2015 | General Collection | ||||||||
| Library of Congress Classification | Kabarak, Main Campus | Kabarak, Main Campus | 17/12/2015 | QD151.2 .A38 1999 c. 3 | 16414 | 17/12/2015 | 17/12/2015 | General Collection | ||||||||
| Library of Congress Classification | Kabarak, Main Campus | Kabarak, Main Campus | 17/12/2015 | 1 | QD151.2 .A38 1999 c. 1 | 006178 | 07/02/2020 | 17/12/2015 | General Collection | 31/01/2020 | ||||||
| Library of Congress Classification | Kabarak, Main Campus | Kabarak, Main Campus | 29/09/2016 | QD151.2 .A38 1999 c. 4 | 026712 | 29/09/2016 | 29/09/2016 | General Collection | General Stacks | 35.00 | c. 4 | |||||
| Library of Congress Classification | Kabarak, Main Campus | Kabarak, Main Campus | 29/09/2016 | 2 | QD151.2 .A38 1999 c. 5 | 026711 | 26/07/2023 | 29/09/2016 | General Collection | 26/07/2023 | General Stacks | 35.00 | c. 5 |